01697agaaa2200313 45000010005000000030009000050050017000140070009000310080040000400400023000800410013001031000044001161300032001602400029001922450160002212460022003812500022004032600123004253000034005485080087005825110089006695200360007585380009011185460013011276500069011407000053012097000056012627000065013180983IT-RoPAU20220918181234.0d cvaizq50131s9999||||xx ||| | || ||und|| aIT-RoPAUcIT-RoPAU aITALIANO aHerz JurajgCodice regista SPICS: 38655 aGIORNI DEL NOSTRO AMORE (I) aDEN PRO NOU LASKUgT2567 aGIORNI DEL NOSTRO AMORE (I)cSceneggiatura: Zinnerova Marketa -- Diretto da: Herz JurajpGIORNI DEL NOSTRO AMORE (I) (Rif. Codice opera principale : V0983) aDEN PRO NOU LASKU aEdizione Standard aPRAGA (CECOSLOVACCHIA)bSTUDIO BARRANDOV / Distribuzione: SPF FIRENZEg"1976 (1° ed.: 1993 ; Ed. Lingua Orig.: 1976)" a16MMbsonoro, col.c90 minuti a"Fotografia: Machane Jiri; Musica: Hapka Petr; Sceneggiatura: Zinnerova Marketa; " a"Vancurova Marta; Harapes Vlastimil; Kamenicka Sylva; Seibalowa Jirina; Pichova Eva" aL'IMPROVVISA MORTE DELLA LORO BIMBA METTE IN CRISI IL MATRIMONIO DI MARIA E PETER. PUR DISPERATI I DUE SPOSI RIPRENDONO LE RISPETTIVE OCCUPAZIONI SORRETTI ANCHE DALL'AFFETTO DEGLI AMICI. DOPO UN PO' I CONIUGI SI RICONCILIERANNO E LA NASCITA DI UN NUOVO BAMBINO RIPORTERA' LA SERENITA' DEFINITIVA NELNUOVO RAPPROTO. FILM A COLORI. PELLICOLA IN BUONO STATO. aMONO aITALIANO aDRAMMATICOePELLICOLE CINEMA [16 MM]xCodice MATERIA SPICS: 9955 aHapka Petre(musica)gCodice Musica SPICS: 38657 aHerz Juraj e(regista)gCodice regista SPICS: 38655 aZinnerova Marketa e(soggetto)gCodice Soggetto SPICS: 38656